[Event "Klubbmesterskapet 2018 (B)"]
[Site "Ås, Akershus NOR"]
[Date "2018.02.08"]
[Round "4"]
[White "Hjertvik, Even"]
[Black "Petersen, Rune J"]
[Result "0-1"]
[WhiteElo "1452"]
[BlackElo "1219"]
[PlyCount "118"]
[EventDate "2018.01.11"]

1. d4 e6 2. Bf4 Nf6 3. e3 Nc6 4. c3 d5 5. Nf3 Bd6 6. Bg3 O-O 7. Nbd2 Re8 8. Ne5
Nd7 9. f4 f6 10. Nxc6 bxc6 11. Bd3 f5 12. Nf3 Nf6 13. Bh4 Be7 14. Ne5 Nd7 15.
Bxe7 Qxe7 16. Nxc6 Qd6 17. Ne5 Nxe5 18. fxe5 Qe7 19. Qh5 Qf7 20. Qf3 a5 21.
O-O-O Ba6 22. Bc2 Reb8 23. g4 Bc4 24. b3 Bb5 25. gxf5 a4 26. Rhg1 axb3 27. axb3
Ra1+ 28. Kd2 Rxd1+ 29. Kxd1 Ra8 30. Kd2 Ra2 31. f6 g6 32. e4 c6 33. h4 Qa7 34.
h5 Rxc2+ 35. Kxc2 Qa2+ 36. Kd1 Qa1+ 37. Kd2 Qxg1 38. c4 dxc4 39. bxc4 Bxc4 40.
Kc3 Qc1+ 41. Kb4 Bb5 42. d5 Qc4+ 43. Ka5 Ba6 44. Kb6 Qb5+ 45. Kc7 Qb7+ 46. Kd6
cxd5 47. Kxe6 Qc6+ 48. Ke7 Qc5+ 49. Kd7 Bc8+ 50. Kd8 Qf8+ 51. Kc7 Qc5+ 52. Kb8
Qc6 53. Qb3 Be6 54. Ka7 Qc7+ 55. Ka8 Qc6+ 56. Kb8 dxe4 57. Qb4 Qc8+ 58. Ka7
Qc7+ 59. Ka8 Bd5+ 0-1

[Event "Klubbmesterskapet 2018 (B)"]
[Site "Ås, Akershus NOR"]
[Date "2018.02.13"]
[Round "4"]
[White "Simonsen, Steinar"]
[Black "Olsen, Trygve"]
[Result "1/2-1/2"]
[WhiteElo "1514"]
[BlackElo "1461"]
[PlyCount "65"]
[EventDate "2018.01.11"]

1. e4 d5 2. Nc3 c6 3. Nf3 e6 4. d4 Bb4 5. Bd2 Bxc3 6. Bxc3 dxe4 7. Nd2 Nf6 8.
g3 O-O 9. Bg2 Nbd7 10. Nxe4 Nxe4 11. Bxe4 Nf6 12. Qe2 Nd5 13. Qd3 f5 14. Bxd5
Qxd5 15. f3 a5 16. O-O b5 17. b4 Ba6 18. Qe3 f4 19. Qe5 Qc4 20. Qc5 Qxc5 21.
dxc5 a4 22. Rad1 Rad8 23. Rd6 Rxd6 24. cxd6 Rd8 25. Be5 fxg3 26. hxg3 Rd7 27.
Rd1 Bb7 28. Kf2 Kf7 29. Rd4 h5 30. g4 Kg6 31. gxh5+ Kf5 32. Bg3 e5 33. Rd1 {
Resten av partiet lar seg ikke rekonstruere. Partiet varte i 62 trekk.} 1/2-1/2

[Event "Klubbmesterskapet 2018 (A)"]
[Site "Ås, Akershus NOR"]
[Date "2018.02.15"]
[Round "5"]
[White "Kielland-Lund, Jon"]
[Black "Lea, Per"]
[Result "1/2-1/2"]
[WhiteElo "1709"]
[BlackElo "1725"]
[PlyCount "70"]
[EventDate "2018.01.11"]

1. c4 Nf6 2. Nc3 g6 3. e4 d6 4. d4 Bg7 5. Nf3 O-O 6. Be2 e5 7. dxe5 dxe5 8.
Qxd8 Rxd8 9. Bg5 Re8 10. Nd5 Nxd5 11. cxd5 c6 12. Bc4 cxd5 13. Bxd5 Nd7 14. Nd2
Nc5 15. Ke2 Be6 16. Rhc1 Rac8 17. Bxe6 Nxe6 18. Be3 b6 19. g3 Red8 (19... f5
20. f3 h5) (19... Kf8) 20. Nb3 Nd4+ 21. Bxd4 exd4 22. Kd3 Kf8 23. Rxc8 Rxc8 24.
Rc1 Rxc1 25. Nxc1 Ke7 26. b4 Ke6 27. f4 Bf8 28. b5 Bb4 29. Ne2 Kd6 30. Nxd4 Bc5
31. a4 f6 32. Kc4 g5 33. Nf5+ Ke6 34. Nd4+ (34. fxg5 fxg5 35. Nd4+ Kd6 36. g4
h6 37. h3 Ba3 (37... Ke5 38. Nc6+ Kxe4 39. a5 Kf3 40. Nxa7 Kg3 41. a6) 38. Nc6
a6 39. e5+ Kc7 40. e6 Bc5 41. e7) (34. Kd3) 34... Kd6 35. Nf5+ Ke6 1/2-1/2

[Event "Klubbmesterskapet 2018 (A)"]
[Site "Ås, Akershus NOR"]
[Date "2018.02.15"]
[Round "5"]
[White "Lund, Petter"]
[Black "Midtgard, Anders"]
[Result "0-1"]
[WhiteElo "1658"]
[BlackElo "1623"]
[PlyCount "106"]
[EventDate "2018.01.11"]

1. d4 Nf6 2. c4 g6 3. Nc3 Bg7 4. e4 d6 5. f4 O-O 6. Nf3 c5 7. e5 Nfd7 8. Be2
cxd4 9. Nb5 dxe5 10. fxe5 Nxe5 11. Nbxd4 Nxf3+ 12. Nxf3 Qxd1+ 13. Bxd1 Nc6 14.
a3 Be6 15. Be2 Na5 16. Nd2 Rac8 17. Rb1 Nxc4 18. Bf3 Bf5 19. Ne4 Nxb2 20. g4
Nd3+ 21. Ke2 Bxe4 22. Bxe4 Nxc1+ 23. Rhxc1 b6 24. Rd1 Be5 25. Rd7 Rc7 26. Rbd1
Rfc8 27. h4 Bd6 28. Rxc7 Rxc7 29. Rd3 Kg7 30. Rh3 Rc4 31. Kd3 Ra4 32. Rh1 Rxa3+
33. Kc4 Re3 34. Bd3 Rg3 35. g5 a5 36. Be4 Bc5 37. Bc6 Rg4+ 38. Kb5 a4 39. Rf1
Rb4+ 40. Ka6 a3 41. Be8 f6 42. gxf6+ exf6 43. h5 a2 44. Ra1 Rb2 45. hxg6 hxg6
46. Bb5 Bd4 47. Bc4 Rc2 48. Rxa2 Rxa2+ 49. Bxa2 f5 50. Kb5 Kf6 51. Kc4 Ke5 52.
Kd3 g5 53. Bb1 f4 0-1

[Event "Klubbmesterskapet 2018 (A)"]
[Site "Ås, Akershus NOR"]
[Date "2018.02.15"]
[Round "5"]
[White "Moberg, Jan Rune"]
[Black "Furnes, Torstein"]
[Result "1/2-1/2"]
[WhiteElo "1690"]
[BlackElo "1765"]
[Annotator "Furnes, Torstein"]
[PlyCount "67"]
[EventDate "2018.01.11"]

1. Nf3 d5 2. g3 Nf6 3. Bg2 c5 4. b4 {Dette trekket er spilt kun en gang i
online-databasen til ChessBase.} cxb4 5. a3 e6 6. axb4 Bxb4 7. O-O O-O 8. c3
Bd6 9. Na3 Nc6 10. Nb5 Be7 11. Qc2 Bd7 12. d3 a6 13. Nbd4 Rc8 14. Nb3 Qc7 15.
Qa2 Ne5 16. Nxe5 Qxe5 17. Be3 Qxc3 18. Bd4 Qc2 19. Rfb1 Qxa2 20. Rxa2 Bb5 21.
Na5 Rc7 22. Be5 Rd7 23. Nb3 Rc8 24. Bf3 Bd6 25. Bxd6 Rxd6 26. Nd4 Rb6 27. Rab2
Rc5 28. Nb3 Rc7 29. Nd4 Kf8 30. e3 Ke7 31. g4 Kd6 32. g5 Nd7 33. Be2 Ne5 34.
Nxb5+ {Hvit vinner tilbake bonde og foreslår remis. Svart begynner å få lite
tid på klokken og tar dermed imot remistilbudet.} 1/2-1/2

[Event "Klubbmesterskapet 2018 (B)"]
[Site "Ås, Akershus NOR"]
[Date "2018.02.15"]
[Round "5"]
[White "Simonsen, Steinar"]
[Black "Bakken, Svein-Erik"]
[Result "1-0"]
[WhiteElo "1514"]
[BlackElo "1617"]
[Annotator "Bakken,Svein-Erik"]
[PlyCount "147"]
[EventDate "2018.01.11"]

1. e4 c5 2. Nf3 Nc6 3. Nc3 e6 4. d4 cxd4 5. Nxd4 a6 6. Nxc6 bxc6 7. Bd3 Qc7 8.
O-O Nf6 9. Bg5 Be7 10. Re1 d6 11. Qe2 O-O 12. e5 dxe5 13. Ne4 Nxe4 14. Bxe7
Qxe7 15. Qxe4 f5 16. Qxe5 Qf6 17. Qc7 Rf7 18. Qxc6 Bb7 19. Qd6 Rd8 20. Qg3 Rfd7
21. Qe5 Qxe5 22. Rxe5 Rd6 23. Rae1 Bd5 24. f3 Rc8 25. b3 Rc3 26. Kf2 Kf7 27.
Ke2 Rdc6 28. Kd2 Kf6 29. Bc4 R3xc4 30. bxc4 Bxc4 31. Ra5 g5 32. h3 h5 33. a3
Bd5 34. Re3 h4 35. Kd3 Rc7 36. Kd2 Rc6 37. Ra4 f4 38. Rc3 Rb6 39. Rb4 Rd6 40.
Rd3 Rc6 41. Rc3 Rd6 42. Rd3 Rc6 43. Rdd4 Ke5 44. Kd3 Rc7 45. c4 Bb7 46. Rd8 Kf5
47. Rf8+ Kg6 48. Rb6 Re7 49. Rb8 Rd7+ 50. Kc3 Bxf3 51. gxf3 Kf6 52. Rxa6 Rd1
53. Rbb6 Re1 54. Kd4 Re3 55. a4 Kf5 56. Ra8 e5+ 57. Kd5 Rd3+ 58. Kc5 Rxf3 59.
Rf8+ Ke4 60. Re6 Rxh3 61. Rfe8 g4 62. Rxe5+ Kf3 63. a5 g3 64. a6 g2 65. Rg5 Rg3
66. Rxg3+ hxg3 67. Re1 Kf2 68. Ra1 g1=Q 69. Rxg1 Kxg1 70. a7 f3 71. a8=Q f2 72.
Qf3 g2 73. Qe3 Kh2 {???} ({Klar remisstilling, men jeg får det for meg at jeg
er matt etter} 73... Kf1 74. Qc1+) 74. Qxf2 1-0

[Event "Klubbmesterskapet 2018 (B)"]
[Site "Ås, Akershus NOR"]
[Date "2018.02.15"]
[Round "5"]
[White "Olsen, Trygve"]
[Black "Samset, Jon"]
[Result "1-0"]
[WhiteElo "1461"]
[BlackElo "1411"]
[PlyCount "62"]
[EventDate "2018.01.11"]

1. f4 d5 2. d4 b5 3. e3 Ba6 4. b4 Nf6 5. Nf3 Ne4 6. Bd3 e6 7. O-O Bxb4 8. Bxe4
dxe4 9. Ne5 O-O 10. f5 f6 11. Ng4 e5 12. c3 Bd6 13. Qb3+ Kh8 14. d5 Nd7 15. Rd1
Nc5 16. Qc2 Nd3 17. Nd2 Nxc1 18. Qxc1 Qd7 19. Rf1 Bb7 20. c4 bxc4 21. Qxc4 Qf7
22. Qxe4 Bxd5 23. Qc2 Qh5 24. h3 Qg5 25. e4 h5 26. Nf3 Qf4 27. Nd2 Qg3 28. Rf3
Qh4 29. Nf2 Qg5 30. exd5 Rab8 31. Nde4 Qh6 {Svarts mobiltelefon ringte...} 1-0

[Event "Klubbmesterskapet 2018 (B)"]
[Site "Ås, Akershus NOR"]
[Date "2018.02.15"]
[Round "5"]
[White "Petersen, Rune J"]
[Black "Rønbeck, Bjørn"]
[Result "0-1"]
[WhiteElo "1219"]
[BlackElo "1506"]
[PlyCount "78"]
[EventDate "2018.01.11"]

1. d4 Nf6 2. Nf3 d5 3. Nc3 b6 4. e3 Bg4 5. Be2 e6 6. Bd2 Bd6 7. Ne5 Bxe2 8.
Qxe2 O-O 9. Nb5 Be7 10. O-O-O c6 11. Nc3 Nfd7 12. f4 f6 13. Nxd7 Nxd7 14. g4 c5
15. h4 c4 16. g5 f5 17. h5 a6 18. Be1 b5 19. Bh4 Re8 20. Rdg1 b4 21. Na4 Qa5
22. b3 c3 23. g6 h6 24. Bxe7 Rxe7 25. Rh3 Nb6 26. e4 dxe4 27. Kb1 Nxa4 28. bxa4
Qxa4 29. Qc4 Qa3 30. Qb3 Qxb3+ 31. axb3 Rd7 32. Rd1 Rad8 33. Rhh1 Rxd4 34. Kc1
Kf8 35. Rxd4 Rxd4 36. Rd1 Rd5 37. Rxd5 exd5 38. Kd1 d4 39. Ke2 Ke7 0-1

[Event "Klubbmesterskapet 2018 (A)"]
[Site "Ås, Akershus NOR"]
[Date "2018.03.18"]
[Round "5"]
[White "Lange, Holger"]
[Black "Johnson, David"]
[Result "1-0"]
[WhiteElo "1761"]
[BlackElo "1695"]
[PlyCount "85"]
[EventDate "2018.01.11"]

1. e4 e5 2. Nf3 Nc6 3. d4 exd4 4. Bc4 Bc5 5. Ng5 Nh6 6. Nxf7 Nxf7 7. Bxf7+ Kxf7
8. Qh5+ g6 9. Qxc5 d6 10. Qd5+ Be6 11. Qb5 Qh4 12. O-O Qxe4 13. Qxb7 Rac8 14.
Na3 Bd5 15. f3 Qf5 16. Nb5 Qd7 17. Qa6 Rb8 18. Na3 Rhe8 19. Qd3 Be6 20. b3 Bf5
21. Qd2 Re3 22. Qf2 Re5 23. Bb2 Rd5 24. Rad1 d3 25. g4 Be6 26. c4 Ra5 27. Rxd3
Nb4 28. Re3 Nxa2 29. Qd2 Nb4 30. Qd4 Re5 31. Qf4+ Ke8 32. Bxe5 dxe5 33. Qxe5
Rb6 34. Qh8+ Kf7 35. Qxh7+ Kf6 36. Qxd7 Bxd7 37. Rd1 Be6 38. Nb5 Rb7 39. g5+
Kf7 40. Nd4 Bh3 41. Rd2 c5 42. Nb5 Rc7 43. Nxc7 1-0

[Event "Klubbmesterskapet 2018 (A)"]
[Site "Ås, Akershus NOR"]
[Date "2018.03.15"]
[Round "5"]
[White "Bø, Martin"]
[Black "Andersen, Odd"]
[Result "0-1"]
[WhiteElo "1664"]
[BlackElo "1775"]
[Annotator "Skaret, Runar"]
[PlyCount "50"]
[EventDate "2018.01.11"]

1. Nf3 d5 {Reti åpning} 2. d4 Nf6 {Har blitt Dronningbonde-åpning} 3. c4 e6 4.
g3 c6 5. Bg2 Be7 6. O-O Nbd7 7. Qc2 O-O 8. Rd1 Re8 9. Nbd2 b6 10. e4 dxe4 11.
Nxe4 Nxe4 12. Qxe4 Bb7 13. Bf4 Nf6 14. Qe2 Qc8 {Stockfish har likt stillingen
til hvit en stund nå. +0.8} 15. Ne5 c5 {Truer d4-bonden.} 16. d5 {Prøver å
redde sentrumsbonden unna, men den står dårligere her. -0,5} (16. b3 cxd4 17.
Rxd4 {Hvit mister en sentral bonde, men det har svart også, og nå har hvit
fått d-linja. +0,4}) 16... exd5 17. cxd5 {Beste trekk var Qf3. Dette trekket
tillater Bd6 som skaper en farlig binding ned mot hvit dronning. -2,3} (17. Qf3
Bd6 18. Ng4 Qxg4 19. Qxg4 Nxg4 20. Bxd6) 17... Bd6 18. Nc4 {Taper dronninga
direkte, -7.4} (18. Re1 {Stockfish sier dette er beste trekk.} Nd7 {og ved
første øyekast ser det ut som det forsvarer hvits hest siden det nå er tre
forsvarere mot svarts tre angripere.} 19. Bh3 Bxe5 {Men hvit's andreforsvarer
er verdt mye mer enn svarts andreforsvarer, så avbytte på e5-feltet vil ikke
lønne seg for hvit. Han taper materiell uansett.} 20. Qb5 Bxf4 21. gxf4 {-2,5})
18... Rxe2 19. Nxd6 Qd7 20. Nxb7 Rae8 (20... Qxb7) 21. Nd6 R8e7 22. Bf3 Rxb2 (
22... g5 {Sparker hvits løper som dekker hvit hest} 23. Bxe2 Rxe2 24. Bxg5 Qxd6
) 23. Nc4 Rc2 24. Ne5 {Hesten kan tas fordi hvis hvit slår tilbake får svart
en gaffel...} Rxe5 25. Bxe5 Qf5 {...som dette. Godt sett av Odd.} 0-1

[Event "Klubbmesterskapet 2018 (A)"]
[Site "Ås, Akershus NOR"]
[Date "2018.03.01"]
[Round "6"]
[White "Midtgard, Anders"]
[Black "Moberg, Jan Rune"]
[Result "0-1"]
[WhiteElo "1623"]
[BlackElo "1690"]
[PlyCount "90"]
[EventDate "2018.01.11"]

1. e4 d6 2. d4 Nf6 3. Nc3 Nbd7 4. f4 e5 5. Nf3 exf4 6. Bxf4 Be7 7. Bc4 O-O 8.
O-O c6 9. a4 Nb6 10. Bb3 a5 11. h3 d5 12. e5 Ne4 13. Nxe4 dxe4 14. Nh2 c5 15.
c3 cxd4 16. cxd4 Nd5 17. Rc1 Be6 18. Bxd5 Qxd5 19. Rc7 Bb4 20. Be3 Rac8 21.
Rxc8 Rxc8 22. Qh5 Qb3 23. Bg5 Qxb2 24. d5 Qd4+ 25. Kh1 Qxd5 26. Ng4 e3 27. Bf6
Bf8 28. Qg5 Bxg4 29. Qxg4 Qc4 30. Rf4 Qc1+ 31. Kh2 e2 32. e6 e1=Q 33. exf7+ Kh8
34. Bxg7+ Bxg7 35. f8=Q+ Rxf8 36. Rxf8+ Bxf8 37. Qd4+ Kg8 38. Qd5+ Kg7 39. Qd7+
Qe7 40. Qd4+ Kf7 41. Qd5+ Qe6 42. Qxb7+ Kg6 43. Qf3 Bd6+ 44. g3 Qc2+ 45. Kg1
Qe1+ 0-1

[Event "Klubbmesterskapet 2018 (A)"]
[Site "Ås, Akershus NOR"]
[Date "2018.04.05"]
[Round "6"]
[White "Andersen, Odd"]
[Black "Lund, Petter"]
[Result "1-0"]
[WhiteElo "1775"]
[BlackElo "1658"]
[PlyCount "154"]
[EventDate "2018.01.11"]

1. d4 Nf6 2. Bf4 e6 3. e3 c5 4. c3 Nc6 5. Nd2 d5 6. Bb5 Qb6 7. Bxc6+ bxc6 8.
Rb1 Ba6 9. Ngf3 Bd3 10. dxc5 Bxc5 11. Rc1 Be7 12. Nb3 Bc4 13. Nfd4 c5 14. Ne2
Qa6 15. Ra1 Nh5 16. Be5 Nf6 17. Nbc1 O-O 18. O-O Nd7 19. Bg3 Bd6 20. Re1 Rab8
21. b3 Bxg3 22. hxg3 Bb5 23. Nf4 Nf6 24. f3 Rfd8 25. Qc2 c4 26. b4 Ba4 27. Qf2
e5 28. Nh3 Bc6 29. Ne2 Qb6 30. Red1 a5 31. a3 Rd7 32. Rd2 Ra8 33. Rad1 h6 34.
g4 axb4 35. axb4 Rda7 36. Ng3 {Med remistilbud} Ra1 37. Nf5 Rxd1+ 38. Rxd1 Qc7
39. g5 hxg5 40. Nxg5 Bd7 41. Ne7+ Kf8 42. Nxd5 Nxd5 43. Rxd5 Ra1+ 44. Kh2 e4+
45. f4 {Med remistilbud} Qc6 46. Qd2 Qh6+ 47. Nh3 Ba4 48. Rd8+ Ke7 49. Ra8 Rd1
50. Qe2 Qc6 51. Ra7+ Ke8 52. Qh5 Rd7 53. Qe5+ Kf8 54. Qb8+ Ke7 55. Qe5+ Kf8 56.
Rxd7 Qxd7 57. Qc5+ Ke8 58. Qxc4 Qd3 59. Qd4 Bd7 60. Nf2 Qxd4 61. cxd4 f5 62.
Kg3 Kf7 63. Kh4 Kf6 64. g4 g6 65. Kg3 Ba4 66. gxf5 gxf5 67. Nh1 Bb5 68. Kh4 Bc4
69. Kh5 Bb5 70. Kh6 Bd7 71. Ng3 Ke6 72. Kg5 Kd5 73. Nxf5 Kc4 74. b5 Kxb5 75.
Nd6+ Kc6 76. Nxe4 Bh3 77. Nf2 Bg2 1-0

[Event "Klubbmesterskapet 2018 (A)"]
[Site "Ås, Akershus NOR"]
[Date "2018.03.01"]
[Round "6"]
[White "Lea, Per"]
[Black "Bø, Martin"]
[Result "0-1"]
[WhiteElo "1725"]
[BlackElo "1664"]
[Annotator "Lea, Per"]
[PlyCount "46"]
[EventDate "2018.01.11"]

1. e4 c5 2. Nf3 d6 3. d4 cxd4 4. Nxd4 Nf6 5. Nc3 g6 6. Be3 Bg7 7. f3 O-O 8. Qd2
Nc6 9. O-O-O Bd7 ({Vårt parti i fjorårets klubbmesterskap fortsatte} 9... d5
10. Nxc6 bxc6 11. exd5 Nxd5 12. Nxd5 cxd5 13. Qxd5 Qc7 14. Qxa8 Bf5 15. Qxf8+
Kxf8 16. Rd2 Qb8 17. c3 $4 (17. b3 {med omtrent like sjanser}) 17... Bxc3 $1
18. bxc3 $4 {Alt annet taper selvfølgelig også...} Qb1#) 10. g4 Rc8 11. h4 Ne5
12. h5 {Her er Stockfish og ChessBase uenig...} ({Varianten} 12. Kb1 {gir
høyere vinstprosent på ChessBase, med anbefalt fortsettelse:} Qa5 13. Be2 Rxc3
14. Qxc3 Qxc3 15. bxc3 {og i partiene på ChessBase har hvit denne scoren:
+11=5-3. Stockfish mener at hvits fordel er mindre enn en bonde.}) 12... Qa5
13. Nb3 $2 ({Etter} 13. Be2 {har hvit en behagelig stilling.}) 13... Qc7 ({
Svart faller selvfølgelig ikke for} 13... Qb4 $4 14. a3 {og dronninga er
fanget, selv om svart kan prøve å grise det til med} Nxf3 15. Qf2 Rxc3 16. axb4
Nxg4 17. Qxf3 Rxe3 {Svart har ikke på langt nær kompensasjon for dronninga.})
14. Be2 (14. h6 Nxf3 15. Qg2 Bh8 16. g5 Ng4 17. Nd5 {Det eneste} (17. Qxf3 $2
Bxc3 18. bxc3 Qxc3 19. Bd3 Ne5 {og hvit må balansere på en stram line for å
holde stillingen, selv med offiser over}) 17... Bxb2+ 18. Kxb2 Nxe3 19. Nxc7
Nxg2 20. Bxg2 {og svart har nesten full kompensasjon for den manglende
offiseren i hvits svake (og undertallige) bønder}) 14... b5 15. hxg6 $2 (15. a3
{burde kanskje vært forsøkt}) 15... fxg6 16. Rdf1 (16. Bd4 {for å prøve å
tette igjen svarts løperdiagonal, var et sunnere alternativ}) 16... b4 {Nå er
det svart som har initiativet} 17. Nb5 Bxb5 18. Bxb5 Nc4 19. Bxc4+ Qxc4 20. Kb1
$4 {Overser helt svarts enkle trussel} (20. Rf2 {parerer trusselen, men svart
står fremdeles bedre}) 20... Nxe4 21. Qg2 {Ett av mange håpløse trekk} Ng3 $1
22. Na5 Qc7 23. Qxg3 $4 {E logisk brist: "jeg tar din springer, så tar du min".
Men svart har selvfølgelig andre planer. Og dermed slutter partiet omtrent
sånn som året før...} Qxc2+ 0-1

[Event "Klubbmesterskapet 2018 (A)"]
[Site "Ås, Akershus NOR"]
[Date "2018.03.23"]
[Round "6"]
[White "Lange, Holger"]
[Black "Kielland-Lund, Jon"]
[Result "1/2-1/2"]
[WhiteElo "1761"]
[BlackElo "1709"]
[Annotator "Lange,Holger"]
[PlyCount "69"]
[EventDate "2018.01.11"]

1. e4 c6 2. d4 d5 3. exd5 cxd5 4. Bd3 Qc7 $2 5. Nf3 (5. Nc3 e6 6. Nb5 Qd8 7.
Bf4 Na6 $16) 5... Bg4 6. O-O Nf6 7. Be3 $6 e6 8. Nbd2 Bd6 9. h3 Bh5 10. c3 Nc6
11. Qc2 Bg6 12. Rac1 Rc8 13. a3 $1 O-O 14. Bxg6 hxg6 15. Bg5 Bf4 16. Bxf6 $2
gxf6 17. Rcd1 Na5 18. Qd3 Kg7 19. Ne1 Rh8 20. Qf3 b6 21. Nd3 Bd6 22. Rfe1 Rh5
23. g4 {ganske risikabelt!} Rh7 24. Kg2 g5 $6 25. Rh1 Rh6 26. Nc1 Nc4 $2 {
Svarts fordel med aktiv spill ryker etter det} 27. Nxc4 Qxc4 28. Qd3 Qxd3 29.
Rxd3 f5 30. gxf5 exf5 31. Rf3 f4 32. Nd3 Re8 33. Re1 Rxe1 34. Nxe1 Re6 35. Kf1
{med remistilbud, som ble akseptert med en gang. Jon sa "jeg er ikke Carlsen
og tar remis." Det er fortsatt litt fordel for svart} 1/2-1/2

[Event "Klubbmesterskapet 2018 (A)"]
[Site "Ås, Akershus NOR"]
[Date "2018.04.10"]
[Round "6"]
[White "Johnson, David"]
[Black "Furnes, Torstein"]
[Result "0-1"]
[WhiteElo "1695"]
[BlackElo "1765"]
[Annotator "Furnes, Torstein"]
[PlyCount "84"]
[EventDate "2018.01.11"]

1. e4 c5 2. Nc3 Nc6 3. Bc4 d6 4. f4 Nf6 5. h3 e6 6. Nf3 d5 7. exd5 exd5 8. Bb5
Bd7 9. O-O Be7 10. Ne5 d4 11. Nxd7 Qxd7 12. Ne2 a6 13. Bxc6 Qxc6 14. Ng3 Qd7
15. d3 O-O 16. f5 Rfe8 17. Nh5 Rad8 18. Bg5 Nxh5 19. Qxh5 Bxg5 20. Qxg5 f6 21.
Qh5 Re5 22. Rf4 Rde8 23. Raf1 Qf7 $6 24. Qf3 $6 $19 {Nå mister hvit bonde.} (
24. Qxf7+ Kxf7 $15) 24... Re2 25. Rf2 R2e3 26. Qg4 Qxa2 27. b3 Qb1+ 28. Kh2 Re1
29. Re4 R1xe4 ({Fritz mener det er litt bedre å slå tilbake med det andre
tårnet} 29... R8xe4 30. dxe4 {Men jeg likte ikke helt den ubeskyttede 8-raden.
Svart får ikke noe avgjørende angrep på 1. raden.}) 30. dxe4 d3 $2 $11 {Ifølge
Fritz en feil som gjør at svart mister nesten hele fordelen.} 31. cxd3 $2 $19 {
Ifølge Fritz må hvit spille enten 31.e5 eller 31.Td2} (31. e5 $1 Rxe5 32. Qc4+
Kf8 33. Qxd3 $11) (31. Rd2 Qb2 (31... dxc2 $2 32. Rd7 $1 Qh1+ 33. Kxh1 c1=Q+
34. Kh2 Qg5 $11) 32. Rxd3 Qe5+ 33. Kg1 Qxe4 34. Qxe4 Rxe4 $11) 31... Qxd3 32.
Rf3 Qxe4 33. Qh5 b5 34. Rg3 c4 35. bxc4 bxc4 36. Qh6 Qe7 37. Qc1 Qc7 38. Qc3
Rd8 39. h4 Rd3 40. Qe1 Qxg3+ 41. Qxg3 Rxg3 42. Kxg3 c3 0-1

[Event "Klubbmesterskapet 2018 (B)"]
[Site "Ås, Akershus NOR"]
[Date "2018.03.04"]
[Round "6"]
[White "Rønbeck, Bjørn"]
[Black "Simonsen, Steinar"]
[Result "1-0"]
[WhiteElo "1506"]
[BlackElo "1514"]
[PlyCount "99"]
[EventDate "2018.01.11"]

1. e4 e5 2. Bc4 Nf6 3. d3 Nc6 4. Nf3 d6 5. O-O a6 6. h3 b5 7. Bb3 Na5 8. Nc3
Nxb3 9. axb3 Bb7 10. b4 Be7 11. Ne2 h6 12. b3 O-O 13. c4 Qd7 14. Nh2 c6 15. Ng3
d5 16. c5 Rfd8 17. Qc2 dxe4 18. dxe4 Qd4 19. Bb2 Qxb4 20. Nf5 Qxc5 21. Qxc5
Bxc5 22. Bxe5 Bc8 23. Nxh6+ Kf8 24. Bxf6 gxf6 25. Rae1 Kg7 26. Nf5+ Bxf5 27.
exf5 Rd5 28. g4 Rc8 29. Ra1 Rd3 30. Kg2 Rxb3 31. Rxa6 Rb2 32. g5 fxg5 33. Ng4
Bd4 34. Re1 Rc7 35. Re8 Ba7 36. Ra8 Bd4 37. Rb8 Re2 38. Raa8 b4 39. Rxb4 f6 40.
Rxd4 Kf7 41. Rdd8 Rc2 42. Rf8+ Ke7 43. Rae8+ Kd6 44. Rxf6+ Kc5 45. Ree6 Kb6 46.
Ne3 Rc1 47. Nd5+ Kb7 48. Nxc7 Kxc7 49. Rg6 Kd7 50. Rxg5 1-0

[Event "Klubbmesterskapet 2018 (B)"]
[Site "Ås, Akershus NOR"]
[Date "2018.03.15"]
[Round "6"]
[White "Thowsen, Alf Geir"]
[Black "Olsen, Trygve"]
[Result "0-1"]
[WhiteElo "1403"]
[BlackElo "1461"]
[Annotator "Lea, Per"]
[PlyCount "74"]
[EventDate "2018.01.11"]

1. d4 c6 2. c4 e6 ({De aller fleste vil spille} 2... d5 {med overgang til
slavisk dronninggambit. Men den godeste Hr Olsen tar sjelden hensyn til
flertallet når han spiller sjakk. Ofte betaler det seg godt: motstanderen blir
tvunget ut i ukjent farvann helt fra begynnelsen og kan glemme alle
utenatlærte varianter.}) 3. Nc3 g6 {Fremdeles var overgang til slavisk
dronninggambit mulig. Denne stillingen må vi lete forgjeves etter på ChessBase.
Men Stockfish gir fordel til hvit her.} 4. Nf3 Bg7 5. Bf4 d6 6. Ne4 Bf8 7. e3
f5 8. Nc3 Bg7 9. Be2 Nf6 10. h3 {Virker litt unødvendig; svart hadde neppe
tenkt seg til g4 med springeren. Kort rokade, eventuelt et dronningtrekk for å
forberede lang rokade, hadde vært en mer naturlig plan.} Qe7 11. Rc1 Nbd7 12.
Bd3 $2 {Nå kan svart forsere fram en bonde til e4 og vinne en offiser - men
overser det...} h6 $2 (12... e5 13. Bg5 (13. dxe5 dxe5 14. Bg5 e4) 13... e4)
13. b4 e5 {Nå fungerer ikke offisersvinsten lenger: hvit får motsjanser etter
at feltet g6 ble svekket} 14. dxe5 dxe5 15. Bxf5 $4 {Tapstrekk. Hvit trodde
offiserstap var uunngåelig. Herfra og ut blir det ren plankekjøring fra svarts
side} (15. Nh4 Kf7 16. Bg3 e4 17. Be2 Ne5 18. Bxe5 Qxe5 19. g3 {og hvit
beholder offiseren, men springeren på h4 (eller etter at den går til g2) blir
stående "rart"}) 15... gxf5 16. Bh2 Nh7 17. O-O Qxb4 18. Nd2 Qe7 19. Re1 O-O
20. e4 f4 21. Nf3 Rf6 22. Nh4 Ndf8 23. Nf3 Bd7 24. Kh1 Rd8 25. Qe2 Be6 26. Nxe5
Bxh3 27. gxh3 Qxe5 28. Rg1 Ng6 29. Qg4 Qg5 30. Qe2 Qe5 31. f3 Rfd6 32. Qe1 Ng5
33. Qf1 Rd3 34. Ne2 Rxf3 35. Qg2 Rxh3 36. Rgf1 Nh4 37. Qxh3 {Desperasjon} Nxh3
0-1